Normal view
MARC view
- الحضارة الاسلامية- الحضارة العربية
Entry Topical Term
001 - CONTROL NUMBER
- control field: 34792
003 - CONTROL NUMBER IDENTIFIER
- control field: JO-AjAnu
005 - DATE AND TIME OF LATEST TRANSACTION
- control field: 20230606075826.0
008 - FIXED-LENGTH DATA ELEMENTS
- fixed length control field: 230606|| aca||aabn | a|a d
040 ## - CATALOGING SOURCE
- Original cataloging agency: JO-AjAnu
- Transcribing agency: JO-AjAnu
150 ## - HEADING--TOPICAL TERM
- Topical term or geographic name entry element: الحضارة الاسلامية- الحضارة العربية
670 ## - SOURCE DATA FOUND
- Source citation: Work cat.: (JO-AjAnu)17868: تاليف Sharif، M.M ؛ ترجمة وتقديم شلبي، احمد, author 34791, دراسات في الحضارة الاسلامية: الفكر الاسلامي منابغه واثاره، الجزء الأول